Théories caraibes: Poétique du déracinement
Сохранить в:
| Главный автор: | |
|---|---|
| Формат: | |
| Язык: | Undetermined |
| Опубликовано: |
Québec, Canada
Triptyque
1996
|
| Предметы: | |
| Метки: |
Добавить метку
Нет меток, Требуется 1-ая метка записи!
|
| Thư viện lưu trữ: | Trung tâm Học liệu Trường Đại học Cần Thơ |
|---|
| LEADER | 00514nam a2200181Ia 4500 | ||
|---|---|---|---|
| 001 | CTU_41948 | ||
| 008 | 210402s9999 xx 000 0 und d | ||
| 082 | |a 844 | ||
| 082 | |b R819 | ||
| 100 | |a Joel Des Rosiers | ||
| 245 | 0 | |a Théories caraibes: Poétique du déracinement | |
| 245 | 0 | |c Joel Des Rosiers | |
| 260 | |a Québec, Canada | ||
| 260 | |b Triptyque | ||
| 260 | |c 1996 | ||
| 650 | |a french essays,french literature | ||
| 904 | |i Minh, 010619 | ||
| 980 | |a Trung tâm Học liệu Trường Đại học Cần Thơ | ||